000 02004ngm a22004450a 4500
001 PT50890
003 AR-LpoUNG
005 20210202000040.0
007 vd cvaizq
008 191001s1928||||ag |||||||||||||||||fre d
037 _c$6
040 _aAR-LpoUNG
_bspa
_cAR-LpoUNG
_eaacr
041 _afre
_aspa
044 _aag
082 0 _a944.026 778vam
100 1 _aDreyer, Carl Theodore
_edir.
245 1 0 _aVampyr
260 _aBuenos Aires :
_bEpoca video,
_c1928.
300 _aDVD (ca. 160 min.) : son., byn
505 0 _aLa pasión de Juana de Arco: Hecha en 1928. Duración 85 min. Guión: Carl Theodor Dreyer, Joseph Delteil. Reparto: Renée Jeanne Falconetti, Eugene Silvain, Maurice Schutz, Michel Simon, Antonin Artaud, André Berley. Película muda, en 1985 fue considerado uno de los 12 mejores films de la historia del cine.
505 0 _aVampyr: Argumento: Sheridan Le Fanu. Guión: Carl Th. Dreyer. Fotografía: Rudolph Matè. Música: Wolfgang Zeller. Intérpretes: Julian West, Henriette Gerard. Hecha en 1932. Duración 75 min.
520 _aVampyr: David Gray, un joven hospedado en un apartado paraje, sospecha que está siendo observado por vampiros, e incluso llega a vivir la advertencia de un sueño en el que ve su propia muerte. El protagonista se verá finalmente inmerso en un encuentro con los seres de la noche. La pasión de Juana de Arco: guión basado en la transcripción de las actas del proceso a Juana de Arco. Juana enfrenta con resolución al tribunal y a las torturas con coraje, pero terminará quemada viva en la plaza pública.
650 4 _aDRAMA
650 4 _aEUROPA
650 4 _aFRANCIA
650 4 _aHISTORIA
650 4 _aHISTORIA SOCIAL
650 4 _aMUJERES
650 4 _aRELIGION
650 4 _aREVOLUCION
651 4 _aFrancia
653 _aCINE FRANCES
653 _aCINE MUDO
653 _aDVD
653 _aHISTORICO
653 _aPELICULA DE CULTO
653 _aVIDEOS
905 _a50890
942 _cDVD
999 _c54031
_d54031